Západoslovenská energetika výročná správa 2001
Saved in:
| Format: | Book |
|---|---|
| Language: | Slovak |
| Published: |
Bratislava
Západoslovenská energetika, a. s.
[2002]
|
| Subjects: | |
| Tags: |
No Tags, Be the first to tag this record!
|
MARC
| LEADER | 00000nam$a2200000$$$4500 | ||
|---|---|---|---|
| 001 | 0004264 | ||
| 005 | 20240108123814.2 | ||
| 041 | 0 | |a slo | |
| 044 | |a SK | ||
| 245 | 1 | 0 | |a Západoslovenská energetika |b výročná správa 2001 |
| 264 | 1 | |a Bratislava |b Západoslovenská energetika, a. s. |c [2002] | |
| 300 | |a 112 s. |e Výročná správa 2001, Západoslovenské energetické závody, š. p. | ||
| 610 | 2 | 0 | |a energetika |
| 610 | 2 | 0 | |a energia elektrická |
| 610 | 2 | 0 | |a služby |
| 610 | 2 | 0 | |a zákazníci |
| 610 | 2 | 0 | |a dodávky |
| 610 | 2 | 0 | |a montáže |
| 610 | 2 | 0 | |a štruktúra organizačná |
| 610 | 2 | 0 | |a zdroje energetické |
| 610 | 2 | 0 | |a zamestnanci |
| 610 | 2 | 0 | |a súvaha |
| 610 | 2 | 0 | |a výkazy finančné |
| 610 | 2 | 0 | |a výkazy účtovné |
| 610 | 2 | 0 | |a závierka účtovná |